000 00714nam a2200217 a 4500
001 000043553
005 20260202091016.0
008 131112s2014 dr a 000 0 spa d
020 _a9789945009835
040 _aDO-SdBNP
_bspa
_cBNPHU
082 _a302
_bS715m
100 1 _aSosa, Diego A.
_969071
245 1 0 _aMigomismo II :
_bsu inteligencia interpersonal /
_cDiego A. Sosa.
260 _aSanto Domingo :
_bDAS,
_c2014.
300 _a204 p. :
_bil. ;
_c23 cm.
500 _aIncluye datos biografícos del autor en la solapa de la cubierta
590 _aInventariado, 2018/VM
650 0 _aRelaciones humanas
_9606
650 0 _aRelaciones interpersonales
_922282
910 _aValidado. Control de calidad MFF
999 _c43042
_d43042